00367nam a2200145Ia 4500008004100000082002000041100002100061245002200082260002400104300000700128600002100135630002200156700002100178730002200199151018s9999 xx 000 0 und d bRBASDV2022a823 aparsons Anthony aThe read cockatoo bThe amalgated Press a64 aparsons Anthony aThe read cockatoo aparsons Anthony aThe read cockatoo